maiores 100 paises do mundo - Statistics

Estatísticas Gerais
  • Esse quiz foi jogado 4 095 vezes
  • A pontuação média é 59 de 100
Estatísticas das Respostas
posição pais % Correto
1 russia
99%
5 brasil
98%
4 estados unidos
97%
2 canada
96%
3 china
96%
8 argentina
92%
6 australia
91%
7 india
89%
13 mexico
87%
49 franca
85%
63 alemanha
82%
52 espanha
82%
24 africa do sul
81%
37 chile
81%
25 colombia
78%
29 egito
77%
62 japao
77%
9 cazaquistao
76%
32 venezuela
76%
12 arabia saudita
75%
71 italia
74%
19 peru
74%
18 mongolia
73%
10 argelia
72%
27 bolivia
72%
48 ucrania
72%
14 indonesia
71%
17 ira
71%
57 suecia
71%
11 republica democratica do congo
70%
61 noruega
69%
64 republica do congo
69%
22 angola
68%
78 reino unido
68%
36 turquia
68%
65 finlandia
67%
21 niger
67%
35 paquistao
67%
69 polonia
67%
75 nova zelandia
66%
39 marrocos
65%
59 paraguai
65%
15 sudao
65%
89 uruguai
64%
16 libia
62%
31 nigeria
62%
41 afeganistao
61%
58 iraque
60%
51 tailandia
59%
34 mocambique
58%
73 equador
57%
26 etiopia
56%
45 madagascar
55%
20 chade
54%
42 sudao do sul
54%
95 grecia
53%
53 turcomenistao
53%
56 uzbequistao
53%
23 mali
52%
38 zambia
52%
70 oma
51%
43 somalia
51%
66 vietna
51%
84 bielorrussia
50%
81 romenia
49%
72 filipinas
48%
47 quenia
48%
33 namibia
47%
30 tanzania
47%
54 camaroes
46%
67 malasia
46%
28 mauritania
46%
50 iemen
45%
85 quirguistao
45%
44 republica centro africana
45%
87 siria
45%
97 coreia do norte
44%
83 guiana
44%
90 suriname
44%
94 tajiquistao
44%
82 laos
43%
86 senegal
42%
91 tunisia
42%
46 botsuana
41%
40 mianmar
41%
88 camboja
40%
55 papua nova guine
40%
80 gana
39%
77 guine
39%
93 bangladesh
36%
92 nepal
35%
79 uganda
35%
68 costa do marfim
33%
76 gabao
33%
96 nicaragua
27%
74 burkina faso
26%
99 eritreia
26%
98 malawi
24%
100 benin
13%
60 zimbabwe
9%
Nenhum quiz correspondente encontrado
Distribuição das Pontuações
Porcentagem de Pessoas com Cada Pontuação
Percentil de Números Respondidos
Sua Pontuação Histórica
Você não jogou esse quiz